15 Largest Cities in Cameroon🇨🇲 - Statistics

General Stats
  • This quiz has been taken 71 times
  • The average score is 4 of 15
Answer Stats
Population City % Correct
1.3 mil Yaounde
100%
1.3 mil Douala
85%
436k Garoua
54%
319k Maroua
42%
290k Bafoussam
31%
231k Ngaoundere
27%
393k Bamenda
23%
218k Bertoua
23%
144k Kumba
15%
203k Edea
12%
435k Kousseri
12%
117k Nkongsamba
12%
275k Mokolo
8%
177k Loum
0%
111k Mbounda
0%
No matching quizzes found
Score Distribution
Percent of People with Each Score
Percentile by Number Answered
Your Score History
You have not taken this quiz